| 000 | 00889nam a22002052 4500 | ||
|---|---|---|---|
| 001 | 0000018790 | ||
| 005 | 20151217145908.0 | ||
| 008 | 100701s xx 000 0 eng d | ||
| 040 |
_aKABU _cKABU |
||
| 111 | 2 |
_aNational Workshop for the Educational Management Society of Kenya (E. M. S. K.) _cMigori, Kenya : _d2010 April 12th to 14th : _n1st. _@0000178193 |
|
| 245 | 1 | 0 |
_aProceedings of the First National Workshop for the Educational Management Society of Kenya (E. M. S. K.) held at Migori Teachers College on 12th to 14th April, 2010 / _cE. M. S. K. |
| 250 | _a1st ed. | ||
| 260 |
_aKisumu : _bE. M. S. K., _c2010. |
||
| 300 | _a271 p. | ||
| 650 | 0 |
_aSchool management and organization _zKenya. _@0000153699 |
|
| 710 | 2 |
_aEducational Management Society of Kenya. _@0000178194 |
|
| 852 | 1 | _9p400 KES | |
| 908 | _a100701 | ||
| 950 | _@1 | ||
| 999 |
_c3812 _d3812 |
||